000 00285nam a2200121Ia 4500
008 190216s9999||||xx |||||||||||||| ||und||
100 _aVinod Chadur Panday
245 0 _aHindi-Malik Muhamed Jaysi
260 _bPublications Division
300 _a278
650 _aHindi
942 _cBK
999 _c15849
_d15849